The golden book of the Dutch navigators (Record no. 6854)

MARC details
000 -CABECERA
campo de control de longitud fija 00599nam a2200217 a 4500
001 - NÚMERO DE CONTROL
campo de control BRCA_7173
005 - FECHA Y HORA DE LA ÚLTIMA TRANSACCIÓN
campo de control 20190320205734.0
008 - DATOS DE LONGITUD FIJA--INFORMACIÓN GENERAL
campo de control de longitud fija 130112s1916----nyua######---#000-0#eng-#
041 ## - CÓDIGO DE LENGUA
Código de lengua del texto/banda sonora o título independiente eng
044 ## - CÓDIGO DEL PAÍS DE LA ENTIDAD EDITORA/PRODUCTORA
Código MARC del país nyu
050 #4 - SIGNATURA TOPOGRÁFICA DE LA BIBLIOTECA DEL CONGRESO
Número de clasificación G232
Número de documento/Ítem .V36 1916
100 1# - ENTRADA PRINCIPAL--NOMBRE DE PERSONA
Nombre de persona Van Loon, Hendrik Willem
Fechas asociadas al nombre 1882-1944
9 (RLIN) 17787
245 10 - MENCIÓN DE TÍTULO
Título The golden book of the Dutch navigators
Mención de responsabilidad, etc. Hendrik Willem van Loon.
260 ## - PUBLICACIÓN, DISTRIBUCIÓN, ETC.
Lugar de publicación, distribución, etc. Nueva York
Nombre del editor, distribuidor, etc. Century
Fecha de publicación, distribución, etc. 1916
300 ## - DESCRIPCIÓN FÍSICA
Extensión 333 p.
Otras características físicas il.
Dimensiones 21 cm.
500 ## - NOTA GENERAL
Nota general P58
650 14 - PUNTO DE ACCESO ADICIONAL DE MATERIA--TÉRMINO DE MATERIA
Término de materia o nombre geográfico como elemento de entrada Exploradores holandeses
9 (RLIN) 17788
650 14 - PUNTO DE ACCESO ADICIONAL DE MATERIA--TÉRMINO DE MATERIA
Término de materia o nombre geográfico como elemento de entrada Viajes y travesias
9 (RLIN) 4701
902 ## - CATALOGADOR
Iniciales GFM
942 ## - ELEMENTOS DE PUNTO DE ACCESO ADICIONAL (KOHA)
Fuente del sistema de clasificación o colocación Library of Congress Classification
Tipo de ítem Koha Libros
Holdings
Estado de retiro Estado de pérdida Estado dañado No para préstamo Localización permanente Ubicación/localización actual Fecha de adquisición Número de inventario Total de préstamos Signatura topográfica completa Código de barras Fecha visto por última vez Precio válido a partir de Tipo de ítem Koha
El ejemplar forma parte de la colección y puede ser consultado según las políticas vigentes.       Biblioteca del Museo Franz Mayer (Rogerio Casas-Alatriste) Biblioteca del Museo Franz Mayer (Rogerio Casas-Alatriste) 13/01/2012 P58   G232 .V36 1916 (P58) 7620 22/03/2019 22/03/2019 Libros